| Tag |
First Indicator |
Second Indicator |
Subfields |
| LEADER |
00000cam a2200000 a 4500 |
| 001 |
in00001404978 |
| 005 |
20151020064106.0 |
| 008 |
980512s1998 nyua b 101 0 eng d |
| 010 |
|
|
|a 98072211
|
| 020 |
|
|
|a 1563967634
|
| 035 |
|
|
|a (OCoLC)39102188
|
| 035 |
|
|
|9 AHP4487AM
|
| 040 |
|
|
|a LHL
|c LHL
|d OCL
|d TXA
|d UtOrBLW
|
| 049 |
|
|
|a TXAM
|
| 090 |
|
|
|a QC785.5
|b .I28 1997
|
| 111 |
2 |
|
|a ICFA School on Instrumentation in Elementary Particle Physics
|n (7th :
|d 1997 :
|c León, México)
|
| 245 |
1 |
0 |
|a Instrumentation in elementary particle physics :
|b the VII ICFA School : Léon, México, July, 1997 /
|c editors, G. Herrera Corral, M. Sosa Aquino.
|
| 264 |
|
1 |
|a Woodbury, New York :
|b AIP,
|c [1998]
|
| 264 |
|
4 |
|c ©1998
|
| 300 |
|
|
|a xii, 428 pages :
|b illustrations ;
|c 24 cm.
|
| 336 |
|
|
|a text
|b txt
|2 rdacontent
|
| 337 |
|
|
|a unmediated
|b n
|2 rdamedia
|
| 338 |
|
|
|a volume
|b nc
|2 rdacarrier
|
| 504 |
|
|
|a Includes bibliographical references and author index.
|
| 650 |
|
0 |
|a Particles (Nuclear physics)
|x Instruments
|x Congresses.
|
| 650 |
|
0 |
|a Particles (Nuclear physics)
|x Technique
|x Congresses.
|
| 650 |
|
0 |
|a Nuclear counters
|v Congresses.
|
| 700 |
1 |
|
|a Herrera Corral, G.
|
| 700 |
1 |
|
|a Sosa Aquino, M.
|
| 948 |
|
|
|a c:blr
|
| 999 |
|
|
|a MARS
|
| 999 |
f |
f |
|s b5e7dff2-4cd3-3297-92eb-4b63a95942cd
|i 308cf452-fee6-3099-968c-1b89249926fb
|t 0
|
| 952 |
f |
f |
|p normal
|a Texas A&M University
|b College Station
|c Sterling C. Evans Library
|d Evans: Library Stacks
|t 0
|e QC785.5 .I28 1997
|h Library of Congress classification
|i unmediated -- volume
|m A14823369454
|
| 998 |
f |
f |
|a QC785.5 .I28 1997
|t 0
|l Evans: Library Stacks
|